[Monasterio de Santa María de Zamarce (Record no. 84158)

MARC details
000 -LEADER
campo de control de longitud fija 01295nkc a2200265za 4500
001 - NÚMERO DE CONTROL
campo de control 84158
003 - IDENTIFICADOR DE NÚMERO DE CONTROL
campo de control OSt
005 - FECHA Y HORA DE LA ÚLTIMA TRANSACCIÓN
campo de control 20260303115659.0
007 - CAMPO FIJO DE DESCRIPCIÓN FÍSICA--INFORMACIÓN GENERAL
campo de control de longitud fija kh bo
008 - DATOS DE LONGITUD FIJA--INFORMACIÓN GENERAL
campo de control de longitud fija 250314s1906 sp ||||| |||| 00| i|spa d
040 ## - FUENTE DE CATALOGACIÓN
Centro/agencia transcriptor M-RABA
Centro catalogador/agencia de origen M-RABA
Lengua de catalogación spa
245 01 - MENCIÓN DEL TÍTULO
Título [Monasterio de Santa María de Zamarce
Resto del título : Portada]
Medio [Material gráfico]
260 ## - PUBLICACIÓN, DISTRIBUCIÓN, ETC.
Fecha de publicación, distribución, etc. ca. 1906
300 ## - DESCRIPCIÓN FÍSICA
Extensión 1 Fotografía :
Otras características físicas Gelatina de plata ;
Dimensiones 22,5 x 15,5 cm
500 ## - NOTA GENERAL
Nota general Imagen de la portada del Monasterio de Santa María de Zamarce (Navarra)
500 ## - NOTA GENERAL
Nota general Al verso, ms. a tinta: “2º Pórtico Zamarce”.
500 ## - NOTA GENERAL
Nota general Estaban incluidas en un sobre con membrete del Boletín de la Sociedad Española de Excursiones, con anotaciones mss. a lápiz: “Románico – Portadas”.
504 ## - NOTA DE BIBLIOGRAFÍA, ETC.
Nota de bibliografía, etc. Nota Identificada en: B.S.E.E, 1906, tomo XIV, 1ª lám. del artículo de E. Serrano Fatigati: “Portadas del periodo románico y del de transición al ojival”, pp. 6-17.
610 20 - PUNTO DE ACCESO ADICIONAL DE MATERIA--NOMBRE DE ENTIDAD CORPORATIVA
Nombre de entidad corporativa o nombre de jurisdicción como elemento de entrada Monasterio de Santa María de Zamarce
9 (RLIN) 111582
651 #7 - PUNTO DE ACCESO ADICIONAL DE MATERIA--NOMBRE GEOGRÁFICO
Nombre geográfico Navarra
Subdivisión geográfica Uharte Arakil
655 #0 - TERMINO DE INDIZACIÓN--GENERO/FORMA
Datos o término principal de género/forma Fotografías de monumentos
9 (RLIN) 111580
852 ## - LOCALIZACIÓN
Número de control de estantería Fot-26
856 ## - LOCALIZACIÓN Y ACCESO ELECTRÓNICOS
Materiales especificados Fot-26
Identificador Uniforme de Recurso <a href="https://archivoybiblioteca.realacademiabellasartessanfernando.com/cgi-bin/koha/opac-retrieve-file.pl?id=c722e6a070aab4bbf478fbaf47393274">https://archivoybiblioteca.realacademiabellasartessanfernando.com/cgi-bin/koha/opac-retrieve-file.pl?id=c722e6a070aab4bbf478fbaf47393274</a>
942 ## - ELEMENTOS DE ENTRADA SECUNDARIOS (KOHA)
Fuente de la clasificación o esquema de estantería Clasificación Decimal Dewey
Tipo de ítem Koha Fotografías
Suprimir en OPAC No
Holdings
Estatus retirado Estado de pérdida Fuente de la clasificación o esquema de estantería Estado de daño No para préstamo Colección Biblioteca de origen Biblioteca actual Ubicación en estantería Fecha de adquisición Total de préstamos Signatura topográfica completa Código de barras Visto por última vez Precio de reemplazo Tipo de ítem Koha
    Clasificación Decimal Dewey     Fotografía Real Academia de la Bellas Artes de San Fernando Real Academia de la Bellas Artes de San Fernando Depósito 2 14/03/2025   Fot-26 1095009 14/03/2025 14/03/2025 Fotografías

Powered by Koha